000 00604nam a2200241Ia 4500
003 OSt
005 20221005093109.0
006 a|||||r|||| 00| 0
007 ta
008 221004b |||||||| |||| 00| 0 eng d
024 _a27282
037 _cTextual
040 _aCRL
_cCRL
_beng
041 _2eng
_aeng
082 _aAz7, M4
100 _aWeintraub Pamela Ed
_9618093
245 0 _aOmmi interviews
260 _aNew York
_bTicknor & Fields
_c1984
300 _a364p
_ccm.
650 _aSCIENCE
942 _hAz7, M4
_cTEXL
_2cc
999 _c999822
_d999822